Statistics for Historic Figures by Native Language - Multiple Choice

Click here to take the quiz!

General Stats

  • This quiz has been taken 114 times
  • The average score is 8 of 15

Answer Stats

QuestionAnswer% Correct
Joseph StalinGeorgian
78%
Xerxes the GreatOld Persian
78%
Martin Van BurenDutch
77%
Roald AmundsenNorwegian
72%
JesusAramaic
67%
Nelson MandelaXhosa
65%
Haile SelassieAmharic
60%
Nicolaus CopernicusPolish
59%
Ayrton SennaPortuguese
56%
SuhartoJavanese
53%
Franz FerdinandGerman
49%
CleopatraGreek
39%
Robert MugabeShona
37%
Mahatma GandhiGujarati
31%
Mao ZedongXiang
11%

Score Distribution

Percentile by Number Answered

Percent of People with Each Score

Your Score History

You have not taken this quiz